| 000 | 00425nam a2200157Ia 4500 | ||
|---|---|---|---|
| 005 | 20250516025448.0 | ||
| 008 | 240331s9999 xx 000 0 und d | ||
| 020 | _a9559555901 | ||
| 082 |
_a294 _bBEL |
||
| 100 | _a Beligalle Dhammajoti, Bhikkhu | ||
| 245 | 0 | _aBauddha arthika darsanaya | |
| 260 |
_aDehiwala _bSri devi publishers _c1993 |
||
| 300 | _a126 p ., | ||
| 500 | _aA Book of Buddhist Economic Philosophy | ||
| 942 | _cL | ||
| 999 |
_c884 _d884 |
||